|
|
|
|
| LEADER |
00000nab a2200000 a 4500 |
| 001 |
vtls000797487 |
| 003 |
SK-MaSNL |
| 005 |
20260302155349.0 |
| 008 |
180206c2002 xo 0 slo |
| 015 |
|
|
|a SNBRB2002/06-19849
|
| 035 |
|
|
|a CLN000149142
|
| 040 |
|
|
|a SNKBUCL
|b slo
|c SNKBUCL
|e AACR2
|
| 041 |
0 |
|
|a slo
|
| 044 |
|
|
|a xo
|c SK
|
| 080 |
|
|
|a 796.322.093.1
|2 UDC-MRF-SK2
|
| 100 |
1 |
|
|a Pňaček, Anton
|4 aut
|9 842301
|
| 245 |
1 |
0 |
|a S plnými gaťami sa vyhrávať nedá
|b úvodný zápas druhej fázy kvalifikácie o postup na Majstrovstvá Európy hádzanárok Slovensko-Slovinsko 20:22 (9:9)
|c Anton Pňaček
|
| 300 |
|
|
|b Fotogr.
|
| 650 |
0 |
7 |
|a hádzaná
|x ženy
|x Slovensko-Slovinsko
|z Šaľa (Slovensko)
|y 2002
|2 snkbucl
|9 853547
|
| 655 |
|
7 |
|a články z novín a časopisov
|2 snkbucl
|9 267496
|
| 773 |
0 |
|
|x 0139-7001
|t Šport
|g Roč. 56, č. 127 (3.6.2002), s. 43
|
| 850 |
|
|
|a Slovenská národná knižnica v Martine
|
| 852 |
|
|
|a SNK
|b KIS3GCP
|
| 958 |
|
|
|a RBX
|
| 999 |
|
|
|c 1371232
|d 1373162
|